Alternative fuels : concepts, technologies and developm (Record no. 8813)

MARC details
000 -LEADER
fixed length control field 00530nam a22001697a 4500
003 - CONTROL NUMBER IDENTIFIER
control field SGT
020 ## - INTERNATIONAL STANDARD BOOK NUMBER
International Standard Book Number 9788184950786
082 ## - DEWEY DECIMAL CLASSIFICATION NUMBER
Classification number 662.66 THI
100 ## - MAIN ENTRY--PERSONAL NAME
Personal name Thipse, S. S.
245 ## - TITLE STATEMENT
Title Alternative fuels : concepts, technologies and developm
250 ## - EDITION STATEMENT
Edition statement 5TH
260 ## - PUBLICATION, DISTRIBUTION, ETC. (IMPRINT)
Place of publication, distribution, etc New Delhi
Name of publisher, distributor, etc Jaico Publishing House
Year of Publication 2016
300 ## - PAGE DESCRIPTION
No. of Pages 507
650 ## - SUBJECT ADDED ENTRY--TOPICAL TERM
Topical term or geographic name as entry element EXPLOSIVES, FUELS & RELATED PRODUCTS
653 ## - KEYWORDS--INDEX TERM
Keyword term Alternative fuels, Hydrogen, liquefied hydrogen, Compressed Natural gas (CNG), Liquefied Natural Gas (LNG), LPG
942 ## - ADDED ENTRY ELEMENTS (KOHA)
Source of classification or shelving scheme Dewey Decimal Classification
Koha item type Books
Holdings
Withdrawn status Lost status Source of classification or shelving scheme Damaged status Not for loan Home library Current library Shelving location Date acquired Vendor Name Cost, normal purchase price SGTU Bill Number Total Checkouts Total Renewals Full call number Accession No. (Barcode) Date last seen Date last borrowed Bill Date Koha item type
    Dewey Decimal Classification     SGT Engineering Library SGT Engineering Library Text Book 24/05/2016 Universal book stall 525.00 SGTU 81 1 1 662.66 THI FE6660 02/04/2018 05/03/2018   Books
    Dewey Decimal Classification     SGT Engineering Library SGT Engineering Library Text Book 24/05/2016 Universal book stall 525.00 SGTU 81     662.66 THI FE6661 24/05/2016     Books
    Dewey Decimal Classification     SGT Engineering Library SGT Engineering Library Text Book 24/05/2016 Universal book stall 525.00 SGTU 81 4 1 662.66 THI FE6662 12/11/2018 17/10/2018   Books
    Dewey Decimal Classification     SGT Engineering Library SGT Engineering Library Text Book 24/05/2016 Universal book stall 525.00 SGTU 81     662.66 THI FE6663 24/05/2016     Books
    Dewey Decimal Classification     SGT Engineering Library SGT Engineering Library Text Book 24/05/2016 Universal book stall 525.00 SGTU 81     662.66 THI FE6664 24/05/2016     Books
    Dewey Decimal Classification     SGT Engineering Library SGT Engineering Library Text Book 24/05/2016 Universal book stall 525.00 SGTU 81     662.66 THI FE6665 24/05/2016     Books
    Dewey Decimal Classification     SGT Engineering Library SGT Engineering Library Text Book 24/05/2016 Universal book stall 525.00 SGTU 81     662.66 THI FE6666 24/05/2016     Books
    Dewey Decimal Classification     SGT Engineering Library SGT Engineering Library Text Book 24/05/2016 Universal book stall 525.00 SGTU 81     662.66 THI FE6667 24/05/2016     Books